000 00395cam a22001457a 4500
008 180718b1996 xxu||||| |||| 00| 0 eng d
082 _aA81x54 M741
245 _aCensus as social document
_cedited by S.P. Mohanty and A.R. Momin
260 _aJaipur
_bRawat
_c1996
300 _a245p.
650 _aSocial change
650 _aCensus - India
700 _aMomin, A.R.
700 _aMohanty, S.P.
999 _c380527
_d380527